书目信息 |
| 题名: |
景观材料及应用
|
|
| 作者: | 杨丽 , 王云才 , 乔国栋 编著 | |
| 分册: | ||
| 出版信息: | 上海 上海交通大学出版社 2013 |
|
| 页数: | 170页 | |
| 开本: | 26cm | |
| 丛书名: | ||
| 单 册: | ||
| 中图分类: | TU986 | |
| 科图分类: | ||
| 主题词: | 景观 , 建筑材料 , 景观--建筑材料--教材 | |
| 电子资源: | ||
| ISBN: | 978-7-313-10475-5 | |
| 000 | 00958nam0 2200277 450 | |
| 001 | 141411 | |
| 005 | 20141106145404.75 | |
| 010 | @a978-7-313-10475-5@dCNY 48.00 | |
| 100 | @a20140314d2013 em y0chiy50 ea | |
| 101 | 0 | @achi |
| 102 | @aCN@b310000 | |
| 105 | @aa z 000yy | |
| 200 | 1 | @a景观材料及应用@9jing guan cai liao ji ying yong@b专著@f杨丽,乔国栋,王云才编著 |
| 210 | @a上海@c上海交通大学出版社@d2013 | |
| 215 | @a170页@c彩图@d26cm | |
| 300 | @a21世纪高职高专园林工程技术系列教材 | |
| 330 | @a本书共分8章内容,包括石材、砖材、木材、钢材等硬质景观材料的特征及应用,以及植物和水体等软质景观材料的应用,还有一部分景观其他材料与景观设备材料的介绍。 | |
| 606 | 0 | @a景观 |
| 606 | 0 | @a建筑材料 |
| 606 | 0 | @a景观@x建筑材料@j教材 |
| 690 | @aTU986@v5 | |
| 701 | 0 | @a杨丽@9yang li@4编著 |
| 701 | 0 | @a王云才@9wang yun cai@c(博士,@f1967.11~)@4编著 |
| 701 | 0 | @a乔国栋@9qiao guo dong@4编著 |
| 801 | 0 | @c20141106 |
| 905 | @a241430@dTU986@eY223 | |
| 景观材料及应用/杨丽,乔国栋,王云才编著.-上海:上海交通大学出版社,2013 |
| 170页:彩图;26cm |
| 21世纪高职高专园林工程技术系列教材 |
| ISBN 978-7-313-10475-5:CNY 48.00 |
| 本书共分8章内容,包括石材、砖材、木材、钢材等硬质景观材料的特征及应用,以及植物和水体等软质景观材料的应用,还有一部分景观其他材料与景观设备材料的介绍。 |
| ● |
| 相关链接 |
|
|
|
正题名:景观材料及应用
索取号:TU986/Y223
 
预约/预借
| 序号 | 登录号 | 条形码 | 馆藏地/架位号 | 状态 | 备注 |
| 1 | 0837849 | 208378496 | 建筑库201/201建筑库 67排1列5层/ [索取号:TU986/Y223] | 在馆 | |
| 2 | 0837850 | 208378502 | 建筑与城市规划学院资料室/201建筑库 68排1列3层/ [索取号:TU986/Y223] | 在馆 | |
| 3 | 0837851 | 208378511 | 建筑库201/201建筑库 67排1列5层/ [索取号:TU986/Y223] | 在馆 |